[Event "World Youth & Cadets Blitz Championships"]
[Site "Rhodes, Greece"]
[Date "2022.05.03"]
[Round "1.12"]
[White "Bhagat, Kush"]
[Black "Podolskyi, Mykhailo"]
[Result "1-0"]
[TimeControl "5'/game & 2\"/move"]
[WhiteElo "1458"]
[BlackElo "1978"]

1. d4 {[%clk 00:05:02]} {[%emt 00:00:01]} d5 {[%clk 00:05:01]} {[%emt
00:00:04]} 2. Bf4 {[%clk 00:05:01]} {[%emt 00:00:02]} Nf6 {[%clk 00:05:00]}
{[%emt 00:00:03]} 3. e3 {[%clk 00:05:01]} {[%emt 00:00:02]} c5 {[%clk
00:04:51]} {[%emt 00:00:11]} 4. c3 {[%clk 00:05:01]} {[%emt 00:00:02]} Nc6
{[%clk 00:04:52]} {[%emt 00:00:01]} 5. Nd2 {[%clk 00:05:01]} {[%emt 00:00:02]}
Bf5 {[%clk 00:04:41]} {[%emt 00:00:14]} 6. Ngf3 {[%clk 00:04:57]} {[%emt
00:00:06]} e6 {[%clk 00:04:24]} {[%emt 00:00:18]} 7. Qb3 {[%clk 00:04:56]}
{[%emt 00:00:03]} Qc8 {[%clk 00:04:19]} {[%emt 00:00:07]} 8. Be2 {[%clk
00:04:36]} {[%emt 00:00:22]} h6 {[%clk 00:04:06]} {[%emt 00:00:15]} 9. h3
{[%clk 00:04:36]} Be7 {[%clk 00:04:01]} {[%emt 00:00:08]} 10. O-O {[%clk
00:04:35]} {[%emt 00:00:02]} O-O {[%clk 00:04:01]} {[%emt 00:00:03]} 11. Ne5
{[%clk 00:04:30]} {[%emt 00:00:07]} c4 {[%clk 00:03:37]} {[%emt 00:00:27]} 12.
Qd1 {[%clk 00:04:22]} {[%emt 00:00:08]} b5 {[%clk 00:03:27]} {[%emt 00:00:14]}
13. Qc1 {[%clk 00:04:08]} {[%emt 00:00:15]} Nxe5 {[%emt 00:01:08]} 14. Bxe5
{[%clk 00:03:40]} Nd7 {[%clk 00:01:13]} {[%emt 00:01:39]} 15. Bg3 {[%clk
00:03:36]} {[%emt 00:00:05]} b4 {[%clk 00:01:11]} {[%emt 00:00:05]} 16. Bd1
{[%clk 00:03:18]} {[%emt 00:00:20]} bxc3 {[%clk 00:01:10]} {[%emt 00:00:03]} 17.
bxc3 {[%clk 00:03:18]} {[%emt 00:00:02]} Qa6 {[%clk 00:01:10]} {[%emt
00:00:03]} 18. Bc2 {[%clk 00:03:17]} {[%emt 00:00:03]} Ba3 {[%clk 00:00:34]}
{[%emt 00:00:38]} 19. Qb1 {[%clk 00:03:14]} {[%emt 00:00:04]} Bd3 {[%clk
00:00:31]} {[%emt 00:00:05]} 20. Bxd3 {[%clk 00:02:49]} {[%emt 00:00:28]} cxd3
{[%emt 00:00:02]} 21. Qb3 {[%clk 00:02:01]} {[%emt 00:00:48]} Nb6 {[%clk
00:00:30]} {[%emt 00:00:04]} 22. Rfd1 {[%clk 00:01:26]} {[%emt 00:00:38]} Rac8
{[%clk 00:00:15]} {[%emt 00:00:17]} 23. Nf3 {[%clk 00:01:11]} {[%emt 00:00:17]}
f6 {[%clk 00:00:05]} {[%emt 00:00:11]} 24. Ne1 {[%clk 00:01:01]} {[%emt
00:00:11]} Be7 {[%clk 00:00:05]} {[%emt 00:00:04]} 25. Nxd3 {[%clk 00:00:53]}
{[%emt 00:00:10]} Qc4 {[%clk 00:00:06]} 26. Rac1 {[%clk 00:00:23]} {[%emt
00:00:31]} Rc6 {[%clk 00:00:06]} {[%emt 00:00:02]} 27. Nb4 {[%clk 00:00:20]}
{[%emt 00:00:06]} Rcc8 {[%clk 00:00:04]} {[%emt 00:00:04]} 28. Qa3 {[%clk
00:00:13]} {[%emt 00:00:08]} Ra8 {[%clk 00:00:04]} {[%emt 00:00:02]} 29. Qa6
{[%clk 00:00:11]} {[%emt 00:00:05]} Bxb4 {[%clk 00:00:04]} {[%emt 00:00:02]} 30.
Qxc4 {[%clk 00:00:11]} {[%emt 00:00:02]} Nxc4 {[%clk 00:00:05]} {[%emt
00:00:01]} 31. cxb4 {[%emt 00:00:02]} Rfc8 {[%clk 00:00:06]} 32. Rb1 {[%clk
00:00:11]} {[%emt 00:00:03]} Rc6 {[%clk 00:00:06]} {[%emt 00:00:02]} 33. Rb3
{[%clk 00:00:12]} Rac8 {[%clk 00:00:05]} {[%emt 00:00:03]} 34. a4 {[%clk
00:00:12]} {[%emt 00:00:01]} Nb6 {[%clk 00:00:05]} {[%emt 00:00:03]} 35. a5
{[%clk 00:00:13]} {[%emt 00:00:01]} Nc4 {[%clk 00:00:05]} 36. Ra1 {[%clk
00:00:14]} {[%emt 00:00:02]} Nd2 {[%clk 00:00:04]} {[%emt 00:00:03]} 37. Rb2
{[%clk 00:00:14]} {[%emt 00:00:01]} Nc4 {[%clk 00:00:05]} {[%emt 00:00:02]} 38.
Rb3 {[%clk 00:00:15]} {[%emt 00:00:01]} Nd2 {[%clk 00:00:05]} {[%emt 00:00:01]}
39. Rd3 {[%clk 00:00:17]} Nc4 {[%clk 00:00:04]} {[%emt 00:00:03]} 40. b5 {[%clk
00:00:18]} Nb2 {[%clk 00:00:04]} {[%emt 00:00:03]} 41. Rb3 {[%clk 00:00:17]}
{[%emt 00:00:02]} Rc1+ {[%clk 00:00:04]} {[%emt 00:00:02]} 42. Rxc1 {[%clk
00:00:19]} {[%emt 00:00:01]} Rxc1+ {[%clk 00:00:05]} 43. Kh2 {[%clk 00:00:19]}
{[%emt 00:00:02]} Nc4 {[%clk 00:00:06]} {[%emt 00:00:01]} 44. b6 {[%emt
00:00:03]} axb6 {[%clk 00:00:04]} {[%emt 00:00:04]} 45. axb6 {[%clk 00:00:19]}
Na5 {[%clk 00:00:07]} {[%emt 00:00:02]} 46. b7 {[%emt 00:00:03]} Nxb7 {[%clk
00:00:06]} {[%emt 00:00:02]} 47. Rxb7 {[%clk 00:00:22]} {[%emt 00:00:01]} Rc6
{[%clk 00:00:07]} {[%emt 00:00:01]} 48. Re7 {[%clk 00:00:22]} {[%emt 00:00:02]}
Kf8 {[%clk 00:00:07]} {[%emt 00:00:02]} 49. Rd7 {[%clk 00:00:23]} Rc2 {[%clk
00:00:05]} {[%emt 00:00:03]} 50. Bd6+ {[%clk 00:00:23]} {[%emt 00:00:03]} Kg8
{[%clk 00:00:07]} 51. Kg3 {[%clk 00:00:24]} Rc6 {[%clk 00:00:06]} {[%emt
00:00:03]} 52. Bc5 {[%clk 00:00:24]} Rc8 {[%clk 00:00:03]} {[%emt 00:00:05]} 53.
Re7 {[%emt 00:00:02]} Rc6 {[%clk 00:00:05]} 54. Kf4 {[%clk 00:00:25]} {[%emt
00:00:02]} Ra6 {[%clk 00:00:04]} {[%emt 00:00:03]} 55. Rd7 {[%clk 00:00:25]}
{[%emt 00:00:01]} Ra8 {[%clk 00:00:04]} {[%emt 00:00:02]} 56. e4 {[%clk
00:00:20]} {[%emt 00:00:07]} dxe4 {[%clk 00:00:05]} 57. Kxe4 {[%clk 00:00:21]}
{[%emt 00:00:01]} Ra2 {[%clk 00:00:07]} 58. Ke3 {[%clk 00:00:21]} {[%emt
00:00:01]} Ra8 {[%clk 00:00:06]} {[%emt 00:00:03]} 59. Bb6 {[%clk 00:00:17]}
{[%emt 00:00:07]} Ra6 {[%clk 00:00:05]} {[%emt 00:00:03]} 60. Rd6 {[%clk
00:00:17]} {[%emt 00:00:01]} e5 {[%clk 00:00:06]} {[%emt 00:00:02]} 61. dxe5
{[%clk 00:00:16]} {[%emt 00:00:03]} fxe5 {[%clk 00:00:07]} 62. Bc5 {[%clk
00:00:17]} Ra5 {[%clk 00:00:05]} {[%emt 00:00:04]} 63. Rd5 {[%clk 00:00:18]}
{[%emt 00:00:01]} e4 {[%clk 00:00:04]} {[%emt 00:00:04]} 64. Kxe4 {[%clk
00:00:19]} {[%emt 00:00:01]} Ra4+ {[%clk 00:00:05]} 65. Kf3 {[%clk 00:00:18]}
{[%emt 00:00:02]} Ra2 {[%clk 00:00:06]} {[%emt 00:00:02]} 66. Kg4 {[%clk
00:00:17]} {[%emt 00:00:02]} Re2 {[%clk 00:00:07]} {[%emt 00:00:02]} 67. Rd3
{[%clk 00:00:16]} {[%emt 00:00:02]} Re5 {[%clk 00:00:07]} {[%emt 00:00:02]} 68.
Be3 {[%clk 00:00:17]} {[%emt 00:00:02]} Kh7 {[%clk 00:00:08]} {[%emt 00:00:01]}
69. f4 {[%clk 00:00:18]} Re7 {[%clk 00:00:09]} {[%emt 00:00:01]} 70. f5 {[%clk
00:00:19]} Re4+ {[%clk 00:00:09]} {[%emt 00:00:01]} 71. Kf3 {[%clk 00:00:20]}
{[%emt 00:00:01]} Re5 {[%clk 00:00:10]} {[%emt 00:00:02]} 72. g4 {[%clk
00:00:21]} Re7 {[%clk 00:00:11]} {[%emt 00:00:01]} 73. Rd6 {[%clk 00:00:21]}
Rb7 {[%clk 00:00:11]} {[%emt 00:00:02]} 74. Rg6 {[%clk 00:00:22]} Rd7 {[%clk
00:00:11]} {[%emt 00:00:02]} 75. Kf4 {[%clk 00:00:22]} {[%emt 00:00:02]} Rd1
{[%clk 00:00:10]} {[%emt 00:00:03]} 76. h4 {[%clk 00:00:19]} {[%emt 00:00:06]}
Rf1+ {[%clk 00:00:11]} {[%emt 00:00:01]} 77. Ke5 {[%clk 00:00:19]} Re1 {[%clk
00:00:12]} {[%emt 00:00:02]} 78. Ke4 {[%clk 00:00:21]} Re2 {[%clk 00:00:08]}
{[%emt 00:00:06]} 79. Kf3 {[%clk 00:00:19]} {[%emt 00:00:04]} Ra2 {[%clk
00:00:08]} {[%emt 00:00:01]} 80. Bd4 {[%clk 00:00:19]} {[%emt 00:00:02]} Ra3+
{[%clk 00:00:10]} 81. Kf4 {[%clk 00:00:20]} {[%emt 00:00:01]} Ra7 {[%clk
00:00:11]} {[%emt 00:00:01]} 82. Rxg7+ {[%clk 00:00:21]} {[%emt 00:00:01]} Rxg7
{[%clk 00:00:11]} 83. Bxg7 {[%clk 00:00:22]} Kxg7 {[%clk 00:00:12]} {[%emt
00:00:01]} 84. g5 {[%clk 00:00:23]} hxg5+ 85. hxg5 1-0

[Event "World Youth & Cadets Blitz Championships"]
[Site "Rhodes, Greece"]
[Date "2022.05.03"]
[Round "1.13"]
[White "Bogdanov, Artyom"]
[Black "Niezhentsev, Kyrylo"]
[Result "1-0"]
[TimeControl "5'/game & 2\"/move"]
[WhiteElo "1413"]
[BlackElo "2060"]

1. e4 {[%clk 00:05:03]} c5 {[%clk 00:05:03]} {[%emt 00:00:02]} 2. Nf3 {[%clk
00:05:04]} {[%emt 00:00:01]} d6 {[%clk 00:05:04]} {[%emt 00:00:01]} 3. Bb5+
{[%clk 00:05:04]} {[%emt 00:00:01]} Nd7 {[%clk 00:05:05]} {[%emt 00:00:01]} 4.
O-O {[%clk 00:05:04]} {[%emt 00:00:02]} a6 {[%clk 00:04:56]} {[%emt 00:00:11]}
5. Bxd7+ {[%clk 00:05:03]} {[%emt 00:00:02]} Bxd7 {[%clk 00:04:57]} {[%emt
00:00:01]} 6. d4 {[%clk 00:05:04]} cxd4 {[%clk 00:04:58]} {[%emt 00:00:02]} 7.
Qxd4 {[%clk 00:05:05]} e5 {[%clk 00:04:58]} {[%emt 00:00:01]} 8. Qd3 {[%clk
00:05:01]} {[%emt 00:00:07]} h6 {[%clk 00:04:58]} {[%emt 00:00:02]} 9. c4
{[%clk 00:04:52]} {[%emt 00:00:11]} b5 {[%clk 00:04:59]} {[%emt 00:00:01]} 10.
Nc3 {[%clk 00:04:50]} {[%emt 00:00:03]} bxc4 {[%clk 00:05:00]} {[%emt
00:00:01]} 11. Qxc4 {[%clk 00:04:50]} {[%emt 00:00:02]} Nf6 {[%emt 00:00:06]}
12. Rd1 {[%clk 00:04:39]} {[%emt 00:00:08]} Be7 {[%clk 00:05:02]} {[%emt
00:00:01]} 13. Be3 {[%clk 00:04:35]} {[%emt 00:00:07]} O-O {[%clk 00:04:55]}
{[%emt 00:00:09]} 14. h3 {[%clk 00:04:36]} Qc8 {[%clk 00:03:55]} {[%emt
00:01:02]} 15. Qd3 {[%clk 00:04:31]} {[%emt 00:00:06]} Qb7 {[%clk 00:03:55]}
{[%emt 00:00:03]} 16. b3 {[%clk 00:04:26]} {[%emt 00:00:07]} Rac8 {[%clk
00:03:52]} {[%emt 00:00:05]} 17. Rac1 {[%clk 00:04:27]} Bc6 {[%clk 00:03:47]}
{[%emt 00:00:08]} 18. Nd2 {[%clk 00:04:26]} {[%emt 00:00:03]} Rfd8 {[%clk
00:03:39]} {[%emt 00:00:10]} 19. f3 {[%clk 00:04:19]} {[%emt 00:00:09]} d5
{[%clk 00:01:34]} {[%emt 00:02:07]} 20. exd5 {[%clk 00:04:19]} {[%emt
00:00:01]} Nxd5 21. Nxd5 {[%clk 00:04:20]} Rxd5 {[%clk 00:01:34]} {[%emt
00:00:03]} 22. Qe2 {[%clk 00:03:51]} {[%emt 00:00:30]} Ba3 {[%clk 00:01:27]}
{[%emt 00:00:10]} 23. Rb1 {[%clk 00:02:55]} {[%emt 00:00:58]} Bb5 {[%clk
00:01:14]} {[%emt 00:00:15]} 24. Nc4 {[%clk 00:02:54]} {[%emt 00:00:03]} Rxd1+
{[%clk 00:01:00]} {[%emt 00:00:15]} 25. Qxd1 {[%clk 00:02:53]} {[%emt
00:00:04]} Bxc4 {[%clk 00:01:00]} {[%emt 00:00:02]} 26. bxc4 {[%clk 00:02:54]}
Qc6 {[%clk 00:01:00]} {[%emt 00:00:01]} 27. Qd3 {[%clk 00:02:17]} {[%emt
00:00:40]} Bc5 {[%clk 00:00:58]} {[%emt 00:00:04]} 28. Rc1 {[%clk 00:02:11]}
{[%emt 00:00:08]} Bxe3+ {[%clk 00:00:36]} {[%emt 00:00:25]} 29. Qxe3 {[%clk
00:02:11]} {[%emt 00:00:01]} Qc5 {[%clk 00:00:37]} {[%emt 00:00:01]} 30. Kf2
{[%clk 00:02:10]} {[%emt 00:00:03]} Kf8 {[%clk 00:00:37]} {[%emt 00:00:02]} 31.
Qxc5+ {[%clk 00:01:39]} {[%emt 00:00:32]} Rxc5 {[%clk 00:00:38]} 32. Ke3 {[%clk
00:01:41]} Ke7 {[%clk 00:00:38]} {[%emt 00:00:03]} 33. Rc3 {[%clk 00:01:35]}
{[%emt 00:00:08]} Ra5 {[%clk 00:00:33]} {[%emt 00:00:07]} 34. a3 {[%clk
00:01:32]} {[%emt 00:00:05]} Kd6 {[%clk 00:00:33]} {[%emt 00:00:02]} 35. Ke4
{[%clk 00:01:09]} {[%emt 00:00:24]} Rc5 {[%clk 00:00:10]} {[%emt 00:00:25]} 36.
g4 {[%clk 00:00:54]} {[%emt 00:00:17]} g6 {[%clk 00:00:10]} {[%emt 00:00:02]}
37. Kd3 {[%clk 00:00:54]} {[%emt 00:00:03]} Ra5 {[%clk 00:00:11]} {[%emt
00:00:01]} 38. Ke4 {[%clk 00:00:54]} {[%emt 00:00:02]} f6 {[%clk 00:00:09]}
{[%emt 00:00:05]} 39. h4 {[%clk 00:00:48]} {[%emt 00:00:07]} Rc5 {[%clk
00:00:07]} {[%emt 00:00:04]} 40. Kd3 {[%clk 00:00:41]} {[%emt 00:00:09]} Rc7
{[%clk 00:00:05]} {[%emt 00:00:04]} 41. Rb3 {[%clk 00:00:40]} {[%emt 00:00:03]}
Kc5 {[%clk 00:00:05]} {[%emt 00:00:02]} 42. Rb8 {[%clk 00:00:39]} {[%emt
00:00:03]} Rd7+ {[%clk 00:00:06]} {[%emt 00:00:02]} 43. Kc3 {[%clk 00:00:39]}
{[%emt 00:00:01]} Rd1 {[%clk 00:00:06]} {[%emt 00:00:02]} 44. Rc8+ {[%clk
00:00:36]} {[%emt 00:00:04]} Kb6 {[%clk 00:00:07]} {[%emt 00:00:01]} 45. Rf8
{[%clk 00:00:37]} {[%emt 00:00:02]} Rd6 {[%clk 00:00:06]} {[%emt 00:00:02]} 46.
Kb4 {[%clk 00:00:31]} {[%emt 00:00:09]} a5+ {[%clk 00:00:07]} 47. Kc3 {[%clk
00:00:24]} {[%emt 00:00:09]} Kc5 {[%clk 00:00:05]} {[%emt 00:00:04]} 48. Rc8+
{[%clk 00:00:24]} {[%emt 00:00:02]} Rc6 {[%clk 00:00:05]} {[%emt 00:00:03]} 49.
Rg8 {[%clk 00:00:17]} {[%emt 00:00:08]} g5 {[%clk 00:00:05]} {[%emt 00:00:02]}
50. h5 {[%clk 00:00:18]} {[%emt 00:00:01]} Re6 {[%clk 00:00:04]} {[%emt
00:00:03]} 51. Rc8+ {[%clk 00:00:15]} {[%emt 00:00:04]} Kb6 {[%clk 00:00:06]}
52. Rh8 {[%clk 00:00:15]} {[%emt 00:00:02]} e4 {[%clk 00:00:06]} {[%emt
00:00:02]} 53. fxe4 {[%clk 00:00:14]} {[%emt 00:00:03]} Rxe4 {[%clk 00:00:07]}
54. Rxh6 {[%clk 00:00:15]} Rxg4 {[%clk 00:00:07]} {[%emt 00:00:03]} 55. Rxf6+
{[%clk 00:00:16]} Kc5 {[%clk 00:00:09]} {[%emt 00:00:01]} 56. Rf5+ {[%clk
00:00:16]} {[%emt 00:00:03]} Kc6 {[%clk 00:00:10]} 57. h6 {[%clk 00:00:17]} Rh4
{[%clk 00:00:11]} {[%emt 00:00:01]} 58. Rxg5 {[%clk 00:00:14]} {[%emt
00:00:04]} Rh3+ {[%clk 00:00:09]} {[%emt 00:00:04]} 59. Kb2 {[%clk 00:00:14]}
{[%emt 00:00:02]} Rh2+ {[%clk 00:00:09]} {[%emt 00:00:03]} 60. Kb3 {[%clk
00:00:14]} {[%emt 00:00:02]} Rxh6 {[%clk 00:00:07]} {[%emt 00:00:04]} 61. Rxa5
{[%clk 00:00:15]} Rh3+ {[%clk 00:00:08]} 62. Kb4 {[%clk 00:00:16]} {[%emt
00:00:02]} Rh1 {[%clk 00:00:08]} {[%emt 00:00:02]} 63. Ra6+ {[%clk 00:00:14]}
{[%emt 00:00:04]} Kb7 {[%clk 00:00:10]} {[%emt 00:00:01]} 64. Rg6 {[%clk
00:00:14]} Rb1+ {[%clk 00:00:10]} {[%emt 00:00:01]} 65. Kc5 {[%clk 00:00:16]}
{[%emt 00:00:01]} Ra1 {[%clk 00:00:11]} 66. Rg7+ {[%clk 00:00:16]} {[%emt
00:00:02]} Kb8 {[%clk 00:00:12]} {[%emt 00:00:01]} 67. Kb6 {[%clk 00:00:12]}
{[%emt 00:00:06]} Rb1+ {[%clk 00:00:12]} {[%emt 00:00:02]} 68. Kc6 {[%clk
00:00:07]} {[%emt 00:00:07]} Ra1 {[%clk 00:00:12]} {[%emt 00:00:02]} 69. Rg8+
{[%clk 00:00:07]} {[%emt 00:00:03]} Ka7 {[%clk 00:00:13]} 70. Rg3 {[%clk
00:00:08]} {[%emt 00:00:01]} Kb8 {[%clk 00:00:11]} {[%emt 00:00:03]} 71. c5
{[%clk 00:00:09]} {[%emt 00:00:02]} Ra2 {[%clk 00:00:09]} {[%emt 00:00:03]} 72.
Kb5 {[%clk 00:00:09]} {[%emt 00:00:02]} Rb2+ {[%clk 00:00:10]} {[%emt
00:00:01]} 73. Kc6 {[%clk 00:00:09]} {[%emt 00:00:03]} Ra2 {[%clk 00:00:11]} 74.
Rg8+ {[%clk 00:00:09]} {[%emt 00:00:01]} Ka7 {[%clk 00:00:13]} {[%emt
00:00:01]} 75. Rg7+ {[%clk 00:00:10]} {[%emt 00:00:01]} Kb8 {[%clk 00:00:13]}
{[%emt 00:00:02]} 76. Rb7+ {[%clk 00:00:09]} {[%emt 00:00:03]} Kc8 {[%clk
00:00:13]} {[%emt 00:00:01]} 77. Ra7 {[%clk 00:00:10]} {[%emt 00:00:02]} Kb8
{[%clk 00:00:15]} 78. Ra5 {[%clk 00:00:10]} {[%emt 00:00:02]} Ra1 {[%clk
00:00:14]} {[%emt 00:00:03]} 79. a4 {[%clk 00:00:11]} Rh1 {[%clk 00:00:12]}
{[%emt 00:00:04]} 80. Rb5+ {[%clk 00:00:10]} {[%emt 00:00:04]} Kc8 {[%clk
00:00:13]} 81. Rb4 {[%clk 00:00:10]} {[%emt 00:00:02]} Rh6+ {[%clk 00:00:14]}
82. Kb5 {[%clk 00:00:12]} Kb7 {[%clk 00:00:10]} {[%emt 00:00:06]} 83. Rd4
{[%clk 00:00:13]} {[%emt 00:00:01]} Kc7 {[%clk 00:00:09]} {[%emt 00:00:03]} 84.
a5 {[%clk 00:00:14]} Rh8 {[%clk 00:00:08]} {[%emt 00:00:02]} 85. Rg4 {[%clk
00:00:12]} {[%emt 00:00:04]} Rb8+ {[%clk 00:00:09]} {[%emt 00:00:01]} 86. Kc4
{[%clk 00:00:14]} Ra8 {[%clk 00:00:07]} {[%emt 00:00:04]} 87. Rg7+ {[%clk
00:00:15]} {[%emt 00:00:02]} Kc6 {[%clk 00:00:08]} {[%emt 00:00:01]} 88. Rg6+
{[%clk 00:00:15]} {[%emt 00:00:02]} Kc7 {[%clk 00:00:10]} 89. Kb5 {[%clk
00:00:16]} Rh8 {[%clk 00:00:05]} {[%emt 00:00:08]} 90. Rg7+ {[%clk 00:00:16]}
{[%emt 00:00:02]} Kb8 {[%clk 00:00:06]} {[%emt 00:00:01]} 91. Kb6 {[%clk
00:00:16]} {[%emt 00:00:02]} Rc8 {[%clk 00:00:05]} {[%emt 00:00:02]} 92. c6
{[%clk 00:00:17]} {[%emt 00:00:01]} Rf8 {[%clk 00:00:05]} {[%emt 00:00:02]} 93.
a6 {[%clk 00:00:16]} {[%emt 00:00:04]} Ka8 {[%clk 00:00:05]} {[%emt 00:00:02]}
94. Rd7 {[%clk 00:00:13]} {[%emt 00:00:05]} Rb8+ {[%clk 00:00:04]} {[%emt
00:00:03]} 95. Rb7 {[%clk 00:00:12]} {[%emt 00:00:03]} Rc8 {[%clk 00:00:05]} 96.
Rd7 {[%clk 00:00:05]} {[%emt 00:00:10]} Rb8+ {[%clk 00:00:05]} {[%emt
00:00:01]} 97. Rb7 {[%clk 00:00:05]} {[%emt 00:00:02]} Rc8 {[%clk 00:00:07]}
{[%emt 00:00:01]} 98. Ra7+ {[%clk 00:00:06]} Kb8 {[%clk 00:00:08]} 99. c7+
{[%clk 00:05:02]} {[%emt 00:00:05]} 1-0

[Event "World Youth & Cadets Blitz Championships"]
[Site "Rhodes, Greece"]
[Date "2022.05.03"]
[Round "1.14"]
[White "Mamedov, Edgar"]
[Black "Ochedzan, Filip"]
[Result "1-0"]
[TimeControl "5'/game & 2\"/move"]
[WhiteElo "2027"]
[BlackElo "1413"]

1. d4 {[%clk 00:05:03]} Nf6 {[%clk 00:05:02]} {[%emt 00:00:02]} 2. c4 {[%clk
00:05:04]} e6 {[%clk 00:05:02]} {[%emt 00:00:04]} 3. Nf3 {[%emt 00:00:04]} Bb4+
{[%clk 00:04:58]} {[%emt 00:00:03]} 4. Bd2 {[%clk 00:05:05]} {[%emt 00:00:02]}
Qe7 {[%clk 00:04:57]} {[%emt 00:00:03]} 5. g3 {[%clk 00:05:05]} {[%emt
00:00:02]} d5 {[%clk 00:04:48]} {[%emt 00:00:11]} 6. Bg2 {[%clk 00:04:59]}
{[%emt 00:00:09]} Nbd7 {[%clk 00:04:40]} {[%emt 00:00:10]} 7. O-O {[%clk
00:04:57]} {[%emt 00:00:03]} Bxd2 {[%clk 00:04:38]} {[%emt 00:00:03]} 8. Qxd2
{[%clk 00:04:54]} {[%emt 00:00:06]} dxc4 {[%clk 00:04:24]} {[%emt 00:00:16]} 9.
Na3 {[%clk 00:04:53]} {[%emt 00:00:02]} Nb6 {[%clk 00:04:19]} {[%emt 00:00:07]}
10. Ne5 {[%clk 00:04:44]} {[%emt 00:00:12]} O-O {[%clk 00:04:03]} {[%emt
00:00:18]} 11. Naxc4 {[%emt 00:00:11]} Nxc4 {[%emt 00:00:06]} 12. Nxc4 {[%clk
00:04:37]} Rd8 {[%clk 00:03:49]} {[%emt 00:00:11]} 13. b4 {[%clk 00:04:07]}
{[%emt 00:00:32]} Nd5 {[%emt 00:00:19]} 14. a3 {[%clk 00:04:06]} {[%emt
00:00:03]} b5 {[%clk 00:03:28]} {[%emt 00:00:06]} 15. Na5 {[%clk 00:03:39]}
{[%emt 00:00:29]} Bd7 {[%clk 00:03:17]} {[%emt 00:00:12]} 16. Rac1 {[%clk
00:03:36]} {[%emt 00:00:06]} Rac8 {[%clk 00:03:10]} {[%emt 00:00:08]} 17. Nb7
{[%clk 00:03:22]} {[%emt 00:00:17]} Re8 {[%clk 00:03:05]} {[%emt 00:00:04]} 18.
Rfd1 {[%clk 00:03:13]} {[%emt 00:00:13]} Nb6 {[%clk 00:02:54]} {[%emt
00:00:14]} 19. Na5 {[%clk 00:02:51]} {[%emt 00:00:24]} e5 {[%clk 00:02:36]}
{[%emt 00:00:19]} 20. d5 {[%clk 00:02:34]} {[%emt 00:00:20]} e4 {[%clk
00:02:22]} {[%emt 00:00:16]} 21. Qf4 {[%clk 00:02:15]} {[%emt 00:00:21]} Qe5
{[%clk 00:02:19]} {[%emt 00:00:05]} 22. Qxe5 {[%clk 00:02:00]} {[%emt
00:00:17]} Rxe5 {[%clk 00:02:19]} {[%emt 00:00:01]} 23. Rc5 {[%clk 00:01:55]}
{[%emt 00:00:08]} Bg4 {[%clk 00:01:53]} {[%emt 00:00:28]} 24. Kf1 {[%clk
00:01:40]} {[%emt 00:00:17]} a6 {[%clk 00:00:57]} {[%emt 00:00:58]} 25. Nc6
{[%clk 00:01:38]} {[%emt 00:00:04]} Ree8 {[%clk 00:00:52]} {[%emt 00:00:07]} 26.
Rd4 {[%clk 00:01:25]} {[%emt 00:00:16]} Bf5 {[%clk 00:00:50]} {[%emt 00:00:03]}
27. e3 {[%clk 00:01:06]} {[%emt 00:00:21]} 1-0